| 000 | 00440nam a2200169Ia 4500 | ||
|---|---|---|---|
| 008 | 180207s9999 xx 000 0 und d | ||
| 020 | _a9789715162241 | ||
| 050 | _bV822 2006 | ||
| 100 | _aVisaya, Lourdes C. | ||
| 245 | 2 | _aA perfect picnic day / | |
| 245 | _cLourdes C. Visaya. | ||
| 260 | _aPhilippines : | ||
| 260 | _bMerryland Publishing Corporation. | ||
| 260 | _c2006 | ||
| 300 | _aunpaged : | ||
| 300 | _bcolor illustrations ; | ||
| 999 |
_c355874 _d355874 |
||